00609nam a2200193Ia 4500003000400000008004100004020002400045040000800069245005900077260001800136300001500154365001200169901002100181902002800202903005800230942001200288952009800300999001700398LDD181029s9999 xx 000 0 und d a9264035451cP 43.00 cLDD 0aStarting strong IIbearly childhood education and care a.bOECDc2006 a441 p. ; 2 bP 43.00 a3552b24-11-2006 a8420b24-11-2006cFdOP aDiscount-10bReqst by : Neerja Chadha  2ddccBK 00102ddc4070977090aLDDbLDDl0o372.21 St11p060419r2018-11-01v3774.11w2018-11-01yBK c77091d77091